000 00915nam a2200205 a 4500
005 20220915064207.0
008 160629s2010 mx r 000 0 spa d
020 _a9788416526222
035 _aUPN01000211768
049 _aAV
099 _aCD PQ 38
100 1 _aGómez Cerdá, Alfredo,
_d1951-
_931112
245 1 3 _aEl negocio de papá /
_cAlfredo Gómez Cerdá.
260 _aMadrid :
_bLibervox SL,
_c[2010]
300 _a2 discos compactos (Música) (135 min.) :
_bdigital, estéreo
520 _aSemana a semana, Tomás le cuenta a Juanjo, su psicólogo, por qué ha suspendido cinco asignaturas, si él jamás había suspendido antes. Parece que algo tiene que ver el cambio de negocio de su padre. ¿No dicen que hay que ser coherente con los propios pensamientos? Una historia sobre amistad y autonomía personal.
650 0 _aAmistad
_vNovela
_98175
905 _aAudiovisuales
999 _c183869
_d183869